Statistics for 20 Most Populous Countries In 2200

Click here to take the quiz!

General Stats

  • This quiz has been taken 374 times
  • The average score is 8 of 20

Answer Stats

HintAnswer% Correct
1.19 BIndia
97%
1.11 BChina
95%
1.2 BNigeria
93%
531.4 MUnited States
65%
585.6 MTanzania
56%
567.3 MDR Congo
54%
440.4 MPakistan
51%
226.6 MIndonesia
34%
347.5 MEthiopia
32%
283.3 MEgypt
30%
340.9 MNiger
29%
413.2 MAngola
24%
236.8 MSudan
24%
188.2 MPhilippines
21%
167.1 MUganda
20%
208.5 MMozambique
13%
170.5 MMadagascar
9%
158.8 MZambia
9%
149.9 MCameroon
8%
169.7 MIvory Coast
6%

Score Distribution

Percentile by Number Answered

Percent of People with Each Score

Your Score History

You have not taken this quiz